000
00327nam a22001337a 4500
008
170620b xxu||||| |||| 00| 0 eng d
020
_a
9780618907151
041
_a
eng
080
_a
32
100
_a
20
101
_a
SHP
245
_a
WHY POLITICS MATTERS: AN INTRODUCTION TO POLITICAL SCIENCE
_c
DOOLEY,K.L
942
_2
udc
_c
BK
999
_c
18228
_d
18228